000 00476nam a2200181Ia 4500
005 20250508152347.0
008 008 250505s9999 xx 000 0 eng d
037 _aTextual
040 _aFEDL
_beng
_cFEDL
041 _aeng
_2eng
084 _a403, PEI
_qFEDL
100 _aPei Mario A
_965640
245 0 _aDictionary of linguistics
260 _aLondon, UK
_bPeter Owen Limited
300 _a238p.
942 _cTEXL
_h403, PEI
999 _c1335914
_d1335914